00481nam a2200181 i 450000100060000000300090000600500170001500700030003200800410003510000180007624500340009425000120012826000330014030000320017360000370020565100360024285200210027877156ES-MaACL20230906173112.0t|041007s1933 xxk ||||1| eng d1 aGwynn, Denis.10aDe Valera / cby Denis Gwynn. a3ª ed. aLondon : bJarrolds, c1933. a286 p., 7 lám. ; c22 cm.14aDe Valera, Éamon (d1882-1975) 4aIrlanda-xHistoria-y1922-1949. aES-MaACLjA-1569